| 000 | 01178nam a2200253Ia 4500 | ||
|---|---|---|---|
| 003 | OSt | ||
| 005 | 20230622123512.0 | ||
| 008 | 210210b1994 xxu||||| |||| 00| 0 eng d | ||
| 020 |
_a 978-8173710070 _c81 7371 007 4 |
||
| 040 | _cAL | ||
| 041 | _aeng | ||
| 082 | _a530.092 VENB | ||
| 100 |
_aG Venkataraman _9124553 |
||
| 245 |
_aBhabha and his Magnificent Obsessions _bVignettes in physics |
||
| 260 |
_aHyderabad _bUniversities Press _c1994 |
||
| 300 | _aix,209 | ||
| 520 | _aThis book is about the remarkable scientist Homi Jehangir Bhabha who, at the age of eighteen, went to Cambridge to study Physics and started his research career there. In 1939, when Bhabha came to India on a short vacation, he was forced to stay on as the Second World War broke out. This was, of course, a blessing for the country as he later steered the country’s scientific destiny. The book records Bhabha’s contributions which were in many dimensions and were not just purely scientific. | ||
| 650 |
_aBhabha physicist _9124554 |
||
| 650 |
_aVignettes in physics _9124555 |
||
| 690 |
_aBiography _9124556 |
||
| 700 |
_aVENKATARAMAN (G) _9124557 |
||
| 906 | _a049421 | ||
| 942 |
_2ddc _cBK |
||
| 999 |
_c98348 _d98348 |
||